000 01116nam a2200301Ia 4500
005 20240514151244.0
008 160713s2013 c g 000 0 s
020 _a9789586652537
040 _aCO-BoRNBP
_bspa
_erda
_cCO-BoRNBP
084 _aH GAZ1
100 1 _aGazier, Michèle
_d1946-
_940097
245 1 0 _aVirginia Woolf
_cguión de Michèle Gazier ; dibujos de Bernard Ciccolini
250 _aEdición especial
264 _aBogotá
_bImpedimenta
_c2013
300 _a90 páginas
_bilustraciones a color
_c22 cm
336 _atexto
_btxt
_2rdacontent
337 _asin mediación
_bn
_2rdamedia
338 _avolumen
_bnc
_2rdacarrier
490 _aPlan Nacional de Lectura y Escritura Leer es mi Cuento. 2013
534 _tVirginia Woolf
600 1 4 _aWoolf, Virginia
_d1882-1941
_vBiografías
_941495
650 1 4 _2LEMB
_aTiras cómicas, historietas, etc
_ySiglo XX
_92483
650 1 4 _2LEMB
_aLiteratura francesa
_ySiglo XX
_9359
650 1 4 _2LEMB
_aMujeres en la literatura
_91058
700 1 _aCiccolini, Bernard
_d1953-
_eilustrador
_940102
700 1 _aGarcía, Olalla
_d1973-
_940103
942 _2loc
_cBKLIT
999 _c5391
_d5391